| 000 | 00429nam a2200181Ia 4500 | ||
|---|---|---|---|
| 005 | 20250423101017.0 | ||
| 008 | 250422s9999 xx 000 0 und d | ||
| 020 | _a9781451195149 | ||
| 050 | _aRJ 370 .H84/ | ||
| 100 | _aHuecker, Martin | ||
| 245 | 0 | _aStep-up to emergency medicine | |
| 260 | _aLondon | ||
| 260 | _bWolters Kluwer | ||
| 260 | _c2016 | ||
| 300 | _a508 p | ||
| 650 | _aPediatric emergencies. | ||
| 942 | _cBK | ||
| 999 |
_c35009 _d35009 |
||